| 000 | 00996 a2200229 4500 | ||
|---|---|---|---|
| 003 | Nust | ||
| 005 | 20221024133842.0 | ||
| 010 | _a 89046387 | ||
| 020 | _a0818659041 (microfiche) | ||
| 020 | _a0818689048 (case) | ||
| 040 | _cNust | ||
| 082 | 0 | 0 | _a005.33,RAE |
| 100 |
_aRaeth, Peter G. _9101263 |
||
| 245 | 0 | 0 |
_aExpert systems : _ba software methodology for modern applications / _cPeter G. Raeth. |
| 260 |
_aLos Alamitos, Calif. : _bIEEE Computer Society Press, _cc1990. |
||
| 300 |
_axi, 460 p. : _bill. ; _c29 cm. |
||
| 440 | 0 |
_aIEEE Computer Society Press reprint collection _9101264 |
|
| 505 | _aIntroduction to Expert System (Page-1), Evaluating Expert System Shells (Page-33), Applications Specific Technique (Page-91), Knowledge Representation (Page-179), Knowledge Acquisition (Page-269), Reasoning Methods (Page-323), Issues and Commentary (Page-419). | ||
| 650 | 0 |
_aExpert systems (Computer science) _921983 |
|
| 700 | 1 |
_aRaeth, Peter G. _9101263 |
|
| 942 |
_2ddc _cBK _k006.33,RAE |
||
| 999 |
_c180445 _d180445 |
||